[Event "Al Ain op 4th"]
[Site "Al Ain"]
[Date "2015.12.26"]
[Round "5"]
[White "Abucejo, Armel N"]
[Black "Al Zarooni, Ahmed"]
[Result "1-0"]
[WhiteElo "2032"]
[BlackElo "1668"]
[PlyCount "94"]
[EventDate "2015.12.23"]
[EventType "swiss"]
[EventRounds "9"]
[EventCountry "UAE"]
[SourceTitle "CBM 170 Extra"]
[Source "ChessBase"]
[SourceDate "2016.02.25"]
[SourceVersion "1"]
[SourceVersionDate "2016.02.25"]
[SourceQuality "1"]

1. d4 d5 2. e3 Nf6 3. Bd3 e6 4. f4 c5 5. c3 Be7 6. Nf3 0-0 7. 0-0 Nc6 8. Nbd2 Nd7 9. Ne5 Ncxe5 10. fxe5 f6 11. Qh5 f5 12. g4 g6 13. Qh3 Rf7 14. Nf3 Rb8 15. b3 b5 16. Bd2 c4 17. Be2 a5 18. a4 Ba6 19. bxc4 bxc4 20. Rfb1 Rxb1+ 21. Rxb1 Nb6 22. Bd1 Qc7 23. Be1 Bb7 24. Rb5 Nd7 25. Bh4 Bc6 26. Bxe7 Rxe7 27. Qh4 Rg7 28. Ng5 Nf8 29. Rb2 Qc8 30. Kg2 Rb7 31. Qf2 Qb8 32. Rxb7 Qxb7 33. Qa2 Qe7 34. Nh3 Nd7 35. Qb2 Qd8 36. gxf5 gxf5 37. Nf4 Qe7 38. Kh3 Qe8 39. Qa3 Nf8 40. Nh5 Kh8 41. Qd6 Ng6 42. Nf6 Qf8 43. Qxc6 Qh6+ 44. Kg2 Qg5+ 45. Bg4 Nh4+ 46. Kf2 Qg6 47. Qc8+ Kg7 1-0